[Event "Berlin Lichtenberger op 13th"]
[Site "Berlin"]
[Date "2014.08.24"]
[Round "9"]
[White "Hintze, Emanuel"]
[Black "Schubert, Joachim"]
[Result "0-1"]
[WhiteElo "1922"]
[BlackElo "1848"]
[PlyCount "100"]
[EventDate "2014.08.16"]
[EventType "swiss"]
[EventRounds "9"]
[EventCountry "GER"]
[SourceTitle "CBM 161 Extra"]
[Source "ChessBase"]
[SourceDate "2014.08.29"]
[SourceVersion "1"]
[SourceVersionDate "2014.08.29"]
[SourceQuality "1"]

1. e4 c5 2. Nf3 Nc6 3. d4 cxd4 4. Nxd4 Nf6 5. Nc3 d6 6. Be3 e6 7. Nxc6 bxc6 8. Be2 Be7 9. 0-0 0-0 10. f3 Qc7 11. b3 Rd8 12. Qe1 d5 13. Qf2 Bb4 14. Na4 Bd6 15. g3 dxe4 16. c4 exf3 17. Bxf3 e5 18. Nc3 Bh3 19. Rfe1 Bb4 20. Rec1 Rd3 21. Ne4 Nd7 22. Be2 Rxe3 23. Qxe3 f5 24. a3 Be7 25. b4 fxe4 26. Qxe4 Rf8 27. Bf3 Rf6 28. c5 Be6 29. Qxc6 Qd8 30. Bd5 Nf8 31. Rd1 Qb8 32. Qb7 Qe8 33. Bxe6+ Nxe6 34. Qd5 Qh5 35. Rf1 Rh6 36. Rf2 Qg4 37. Raf1 Bf6 38. c6 Kf8 39. Qd7 Qc4 40. b5 e4 41. Re1 e3 42. Rfe2 Bd4 43. Qc8+ Kf7 44. Qd7+ Kf6 45. c7 Qxc7 46. Rf1+ Ke5 47. Qxc7+ Nxc7 48. a4 Nd5 49. Rf8 Ke4 50. Ra2 e2+ 0-1

[Event "GER-ch44 Juniors email"]
[Site "GER email"]
[Date "2012.08.28"]
[Round "?"]
[White "Eichner, Luca"]
[Black "Hintze, Emanuel"]
[Result "1/2-1/2"]
[WhiteElo "1948"]
[BlackElo "2059"]
[PlyCount "150"]
[EventDate "2012.09.06"]
[EventType "tourn (corr)"]
[EventRounds "7"]
[EventCountry "GER"]
[SourceTitle "Corr 2015"]
[Source "ChessBase"]
[SourceDate "2015.07.17"]
[SourceVersion "1"]
[SourceVersionDate "2015.07.17"]
[SourceQuality "1"]

1. c4 e5 2. Nc3 Nf6 3. Nf3 Nc6 4. e4 Bb4 5. d3 d6 6. Be2 0-0 7. 0-0 Bc5 8. Rb1 a5 9. Be3 Re8 10. Qd2 Bg4 11. Ne1 Bxe2 12. Nxe2 Nd7 13. Rd1 Qf6 14. Nc2 Nb4 15. a3 Nxc2 16. Qxc2 Qd8 17. d4 exd4 18. Nxd4 Qe7 19. f3 g6 20. Bf2 a4 21. Nb5 Bxf2+ 22. Qxf2 Nc5 23. Qd2 Nb3 24. Qf4 Red8 25. h4 f6 26. h5 gxh5 27. Qh6 Na5 28. Qxh5 Kh8 29. Rf2 c6 30. Nd4 Nxc4 31. Qh3 Qf7 32. Re1 Re8 33. Nf5 Rad8 34. Rfe2 b5 35. Kh2 Ne5 36. f4 Ng6 37. Nh6 Qg7 38. g3 Ne7 39. Qh5 Rf8 40. Nf5 Qf7 41. Qxf7 Rxf7 42. Nd4 Rb8 43. Rd2 b4 44. axb4 Rxb4 45. Rc1 d5 46. exd5 cxd5 47. Rc7 Kg8 48. Rd7 h5 49. f5 Nc8 50. Rd8+ Rf8 51. Rd7 Re8 52. Kh3 Ne7 53. Ra7 Kg7 54. Rc7 Kh6 55. Rd7 Rc4 56. Rd6 Rf8 57. Rb6 Rf7 58. Ra6 Rb4 59. Ra7 Kg5 60. Ne6+ Kxf5 61. Nf4 h4 62. Nxd5 Re4 63. Rf2+ Kg5 64. gxh4+ Rxh4+ 65. Kg2 Re4 66. Kf3 Re5 67. Nf4 Rh7 68. Rxa4 Nd5 69. Nxd5 Rxd5 70. Rg4+ Kf5 71. Rc4 Ke5 72. Re2+ Kd6 73. b4 Rf5+ 74. Rf4 Rh3+ 75. Kg4 Rxf4+ 1/2-1/2

[Event "GER-ch44 Juniors email"]
[Site "GER email"]
[Date "2012.08.28"]
[Round "?"]
[White "Hansch, Karsten"]
[Black "Hintze, Emanuel"]
[Result "1/2-1/2"]
[WhiteElo "1814"]
[BlackElo "2059"]
[PlyCount "138"]
[EventDate "2012.09.06"]
[EventType "tourn (corr)"]
[EventRounds "7"]
[EventCountry "GER"]
[SourceTitle "Corr 2015"]
[Source "ChessBase"]
[SourceDate "2015.07.17"]
[SourceVersion "1"]
[SourceVersionDate "2015.07.17"]
[SourceQuality "1"]

1. c4 e5 2. g3 Nf6 3. Bg2 d5 4. cxd5 Nxd5 5. Nc3 Nb6 6. Nf3 Nc6 7. 0-0 Be7 8. a3 0-0 9. b4 Be6 10. Rb1 f6 11. d3 a5 12. b5 Nd4 13. e3 Nxf3+ 14. Bxf3 Rb8 15. Qc2 a4 16. Bg2 Bb3 17. Rxb3 axb3 18. Qxb3+ Kh8 19. Rd1 f5 20. a4 c6 21. Bb2 Nd7 22. Qc4 Rf6 23. Rc1 Rd6 24. Ne2 cxb5 25. axb5 Qe8 26. Qb3 Rh6 27. Nc3 Bd6 28. Ra1 Bf8 29. d4 exd4 30. exd4 Bd6 31. Qd5 Rf6 32. Qa2 Nb6 33. Rf1 Rf7 34. Bf3 Rc7 35. Qb3 Rd8 36. Kg2 Qg8 37. Qxg8+ Kxg8 38. Nd5 Nxd5 39. Bxd5+ Kf8 40. b6 Re7 41. Bc1 Bb4 42. Ba2 Ra8 43. Bb1 Re1 44. Rxe1 Bxe1 45. Bxf5 Ra2 46. Be3 Bd2 47. Bxd2 Rxd2 48. Be4 Rxd4 49. Bxb7 Rb4 50. h4 Ke7 51. Kf3 Rxb6 52. Be4 h6 53. Kg2 Kf6 54. Kf3 Ke5 55. Ke3 Rb3+ 56. Bd3 Kd5 57. h5 Ra3 58. f4 Rc3 59. g4 Ra3 60. g5 Rc3 61. gxh6 gxh6 62. Ke2 Kd4 63. Bg6 Re3+ 64. Kf2 Rb3 65. Ke2 Rh3 66. Kf2 Kd5 67. Kg2 Ra3 68. Kf2 Rc3 69. Bf5 Rb3 1/2-1/2

[Event "CP-2009-S-00003"]
[Site "LSS email"]
[Date "2012.05.08"]
[Round "?"]
[White "Hintze, Emanuel"]
[Black "Evtushenko, Sergey Aleksandrovi"]
[Result "1/2-1/2"]
[WhiteElo "2218"]
[BlackElo "2311"]
[PlyCount "91"]
[EventDate "2012.05.11"]
[EventType "tourn (corr)"]
[EventRounds "6"]
[EventCountry "GER"]
[SourceTitle "Telechess CBM 163"]
[Source "ChessBase"]
[SourceDate "2014.11.11"]
[SourceVersion "2"]
[SourceVersionDate "2014.11.11"]
[SourceQuality "1"]

1. d4 d5 2. c4 c6 3. Nf3 e6 4. Nc3 dxc4 5. a4 Bb4 6. e3 b5 7. Bd2 a5 8. axb5 Bxc3 9. Bxc3 cxb5 10. b3 Bb7 11. bxc4 b4 12. Bb2 Nf6 13. Bd3 0-0 14. 0-0 Nbd7 15. Nd2 Qc7 16. Bc2 h6 17. f3 Rfb8 18. Kh1 Rd8 19. Kg1 Rdb8 20. Kh1 Rd8 21. e4 e5 22. d5 Ba6 23. Qe2 Rdc8 24. Rfc1 Nc5 25. f4 Nfd7 26. fxe5 Nxe5 27. Bd4 f6 28. Qe3 Rab8 29. h3 b3 30. Nxb3 Nxc4 31. Qf3 Nxb3 32. Bxb3 Nd2 33. Rxc7 Nxf3 34. Rxc8+ Bxc8 35. gxf3 Rxb3 36. Kg2 Rb4 37. Bc3 Rc4 38. Bxa5 f5 39. Re1 g5 40. Re2 Kf7 41. Be1 fxe4 42. fxe4 h5 43. h4 Bg4 44. Re3 Kg6 45. Kh2 Rd4 46. Kg2 1/2-1/2

[Event "BI-2011-P-00003"]
[Site "LSS email"]
[Date "2011.04.17"]
[Round "?"]
[White "Hintze, Emanuel"]
[Black "Selmeczi, Jozsef"]
[Result "1-0"]
[WhiteElo "2193"]
[BlackElo "1652"]
[PlyCount "36"]
[EventDate "2011.04.20"]
[EventType "tourn (corr)"]
[EventRounds "10"]
[EventCountry "GER"]
[SourceTitle "Telechess CBM 151"]
[Source "ChessBase"]
[SourceDate "2012.11.13"]
[SourceVersion "1"]
[SourceVersionDate "2012.11.13"]
[SourceQuality "1"]

1. e4 c5 2. Nf3 h6 3. Nc3 Nc6 4. d4 cxd4 5. Nxd4 Nf6 6. Nxc6 dxc6 7. Qxd8+ Kxd8 8. Bf4 Ke8 9. 0-0-0 Nd7 10. Bc7 e5 11. g3 Bc5 12. f4 exf4 13. gxf4 Rg8 14. Be2 g5 15. f5 f6 16. e5 Be3+ 17. Kb1 fxe5 18. Ne4 Bb6 1-0

[Event "BI-2011-P-00003"]
[Site "LSS email"]
[Date "2011.04.17"]
[Round "?"]
[White "Hintze, Emanuel"]
[Black "Szabo, Vilmos"]
[Result "1/2-1/2"]
[WhiteElo "2193"]
[BlackElo "2404"]
[PlyCount "88"]
[EventDate "2011.04.20"]
[EventType "tourn (corr)"]
[EventRounds "10"]
[EventCountry "GER"]
[SourceTitle "Telechess CBM 151"]
[Source "ChessBase"]
[SourceDate "2012.11.13"]
[SourceVersion "1"]
[SourceVersionDate "2012.11.13"]
[SourceQuality "1"]

1. e4 e5 2. Nf3 Nc6 3. d4 exd4 4. Nxd4 Bc5 5. Be3 Qf6 6. c3 Nge7 7. Bc4 Ne5 8. Be2 Qg6 9. 0-0 d6 10. f3 d5 11. Bf4 f6 12. Kh1 0-0 13. Bg3 Kh8 14. f4 Bxd4 15. fxe5 Bb6 16. Nd2 Be6 17. Bh5 Qg5 18. Bf4 Qh4 19. exf6 Rxf6 20. g3 Qh3 21. Bf3 dxe4 22. Bg2 Qg4 23. Qxg4 Bxg4 24. Nxe4 Rff8 25. a4 a5 26. c4 Ng6 27. Bd2 Rxf1+ 28. Rxf1 Be2 29. Rc1 Bd4 30. b3 Ne5 31. Bc3 Nd3 32. Rc2 Bxc3 33. Nxc3 Bh5 34. Rd2 Bg6 35. h4 h6 36. Be4 Bxe4+ 37. Nxe4 Ne1 38. Nc5 b6 39. Re2 Nf3 40. Ne6 Re8 41. Kg2 Nd2 42. Rxd2 Rxe6 43. Kf2 Rf6+ 44. Kg2 h5 1/2-1/2

[Event "BI-2011-P-00003"]
[Site "LSS email"]
[Date "2011.04.17"]
[Round "?"]
[White "Hintze, Emanuel"]
[Black "Vodicka, Milan"]
[Result "1-0"]
[WhiteElo "2193"]
[BlackElo "1811"]
[PlyCount "51"]
[EventDate "2011.04.20"]
[EventType "tourn (corr)"]
[EventRounds "10"]
[EventCountry "GER"]
[SourceTitle "Telechess CBM 151"]
[Source "ChessBase"]
[SourceDate "2012.11.13"]
[SourceVersion "1"]
[SourceVersionDate "2012.11.13"]
[SourceQuality "1"]

1. e4 e5 2. Nf3 Nc6 3. d4 exd4 4. Nxd4 Bc5 5. Be3 Qf6 6. c3 d6 7. Bb5 Nge7 8. 0-0 0-0 9. f4 Bd7 10. Nc2 Bb6 11. Nba3 Qg6 12. Qd3 Rfd8 13. Bxb6 axb6 14. Ne3 h5 15. Nac2 h4 16. a4 h3 17. g3 Qh5 18. Qd1 Qxd1 19. Rfxd1 f6 20. Kf2 g5 21. Ne1 gxf4 22. gxf4 Kf7 23. Nf3 Rg8 24. Rg1 Rxg1 25. Rxg1 Kf8 26. Nd5 1-0

[Event "BI-2011-P-00003"]
[Site "LSS email"]
[Date "2011.04.17"]
[Round "?"]
[White "Kouba, Lubomir"]
[Black "Hintze, Emanuel"]
[Result "0-1"]
[WhiteElo "2007"]
[BlackElo "2193"]
[PlyCount "104"]
[EventDate "2011.04.20"]
[EventType "tourn (corr)"]
[EventRounds "10"]
[EventCountry "GER"]
[SourceTitle "Telechess CBM 151"]
[Source "ChessBase"]
[SourceDate "2012.11.13"]
[SourceVersion "1"]
[SourceVersionDate "2012.11.13"]
[SourceQuality "1"]

1. e4 c5 2. Nf3 d6 3. d4 cxd4 4. Nxd4 Nf6 5. Nc3 a6 6. Be2 e5 7. Nb3 Be7 8. 0-0 0-0 9. Be3 Be6 10. Nd5 Nbd7 11. Qd3 Bxd5 12. exd5 Ne8 13. Qf5 g6 14. Qh3 f5 15. f4 exf4 16. Bxf4 Bf6 17. Rab1 Be5 18. Bh6 Rf7 19. g4 f4 20. Qg2 Qh4 21. g5 Ng7 22. Nd2 Bd4+ 23. Kh1 Ne5 24. c3 Be3 25. Nf3 Nxf3 26. Rxf3 Nf5 27. Rh3 Qf2 28. Qxf2 Bxf2 29. Bg4 Be3 30. Rf3 Re8 31. a4 Re5 32. c4 Re4 33. b3 Rd4 34. Bh3 Rd3 35. Bxf5 Rxf5 36. Rb2 Re5 37. Kg2 Re4 38. a5 Red4 39. Kh3 Rc3 40. Kg4 Rd1 41. Kh4 Rdc1 42. Kg4 Kf7 43. b4 Rxc4 44. b5 R1c2 45. Rxc2 Rxc2 46. bxa6 bxa6 47. Rf1 Rg2+ 48. Kf3 Rb2 49. Rd1 Rb3 50. Rf1 Rb5 51. Rd1 Rxa5 52. Rd3 Rc5 0-1

[Event "BI-2010-F-00001"]
[Site "LSS email"]
[Date "2011.02.21"]
[Round "?"]
[White "Hintze, Emanuel"]
[Black "Kuhne, Detlev"]
[Result "1/2-1/2"]
[WhiteElo "2193"]
[BlackElo "2329"]
[PlyCount "100"]
[EventDate "2011.02.24"]
[EventType "tourn (corr)"]
[EventRounds "10"]
[EventCountry "GER"]
[SourceTitle "Telechess CBM 151"]
[Source "ChessBase"]
[SourceDate "2012.11.13"]
[SourceVersion "1"]
[SourceVersionDate "2012.11.13"]
[SourceQuality "1"]

1. e4 c5 2. Nf3 d6 3. d4 cxd4 4. Nxd4 Nf6 5. Nc3 a6 6. Bg5 Nbd7 7. f4 Qb6 8. Qd2 e5 9. Nb3 h6 10. Bh4 Be7 11. 0-0-0 Qc7 12. a4 0-0 13. Kb1 Rd8 14. fxe5 dxe5 15. Qf2 b6 16. Be2 Bb7 17. Rhf1 Rab8 18. h3 Kh8 19. Qf3 Rbc8 20. Bd3 Nc5 21. Nxc5 bxc5 22. Bxf6 Bxf6 23. Bc4 Rd4 24. b3 Qb6 25. Bxf7 c4 26. Nd5 Bxd5 27. Bxd5 cxb3 28. cxb3 Qb4 29. Rc1 Rb8 30. Rfd1 Bg5 31. Rc2 Be3 32. Rxd4 Bxd4 33. Qd1 Rf8 34. Ka2 Qb6 35. h4 a5 36. h5 Qf6 37. Qe1 Kh7 38. Bc4 Qb6 39. Qd1 Qb7 40. Qe1 Qb6 41. Bb5 Qd8 42. Bd3 Qb6 43. Bc4 Rf6 44. Bb5 Qd8 45. Bc4 Qc8 46. Qd1 Qb7 47. Be2 Rf8 48. Bc4 Qb6 49. Bb5 Qe6 50. Bd3 Qf6 1/2-1/2

[Event "BI-2010-F-00001"]
[Site "LSS email"]
[Date "2011.02.21"]
[Round "?"]
[White "Hintze, Emanuel"]
[Black "Zolendowski, Cesary"]
[Result "1/2-1/2"]
[WhiteElo "2193"]
[BlackElo "2230"]
[PlyCount "91"]
[EventDate "2011.02.24"]
[EventType "tourn (corr)"]
[EventRounds "10"]
[EventCountry "GER"]
[SourceTitle "Telechess CBM 151"]
[Source "ChessBase"]
[SourceDate "2012.11.13"]
[SourceVersion "1"]
[SourceVersionDate "2012.11.13"]
[SourceQuality "1"]

1. e4 c5 2. Nf3 d6 3. d4 cxd4 4. Nxd4 Nf6 5. Nc3 a6 6. Bg5 e6 7. f4 Qc7 8. Bxf6 gxf6 9. Qd2 Nc6 10. 0-0-0 Bd7 11. Kb1 0-0-0 12. Bc4 h5 13. Nxc6 Qxc6 14. Bb3 Kb8 15. Rhf1 Qc5 16. Na4 Qc7 17. f5 Bb5 18. Rfe1 Bh6 19. Qf2 Bxa4 20. Bxa4 Qc5 21. Rf1 Be3 22. Qf3 Bd4 23. Qh3 Be5 24. Bb3 Rde8 25. c3 Qc8 26. g3 Re7 27. Rfe1 Qg8 28. Rd2 Qg4 29. Qxg4 hxg4 30. Bd1 Rg8 31. a3 Kc7 32. a4 Kc6 33. Be2 Ree8 34. a5 Rg5 35. Rf1 Rh8 36. Rf2 Rg7 37. Kc2 Kd7 38. Kb3 Ke7 39. Kb4 Rg5 40. Kc4 Rc8+ 41. Kb3 Rc5 42. Kb4 Rg8 43. Rf1 Rgc8 44. Rfd1 Rg8 45. Rf1 Rgc8 46. Rfd1 1/2-1/2

[Event "WC-2015-P-00013"]
[Site "LSS email"]
[Date "2011.02.20"]
[Round "?"]
[White "Hintze, Emanuel"]
[Black "Figura, Atila Gajo"]
[Result "1-0"]
[WhiteElo "2208"]
[BlackElo "1963"]
[PlyCount "85"]
[EventDate "2011.02.24"]
[EventType "tourn (corr)"]
[EventRounds "6"]
[EventCountry "GER"]
[SourceTitle "Telechess CBM 155"]
[Source "ChessBase"]
[SourceDate "2013.07.16"]
[SourceVersion "1"]
[SourceVersionDate "2013.07.16"]
[SourceQuality "1"]

1. d4 Nf6 2. c4 e6 3. Nc3 Bb4 4. e3 0-0 5. Bd3 d5 6. Nf3 c5 7. 0-0 Nc6 8. a3 Bxc3 9. bxc3 Qc7 10. Bb2 Na5 11. cxd5 exd5 12. Ne5 Re8 13. a4 Rxe5 14. dxe5 Qxe5 15. e4 Bg4 16. f3 dxe4 17. Bxe4 Nxe4 18. fxg4 Re8 19. Qf3 f6 20. Rae1 Nc4 21. Bc1 g5 22. Rxe4 Qxe4 23. Qxf6 Qe7 24. Qxe7 Rxe7 25. Bxg5 Re6 26. Rd1 Nd6 27. a5 Ne4 28. Bh4 Rd6 29. Re1 Re6 30. c4 Kf7 31. Rb1 b6 32. axb6 Rxb6 33. Rxb6 axb6 34. Bd8 Ke6 35. Bxb6 Ke5 36. Kf1 Kd4 37. Ke2 Kxc4 38. h4 Kd5 39. g5 c4 40. Be3 Ke6 41. g4 Nd6 42. h5 Nb5 43. Bc5 1-0

[Event "GER-ch43 Juniors email"]
[Site "GER email"]
[Date "2011.02.14"]
[Round "?"]
[White "Auburger, Kirstin"]
[Black "Hintze, Emanuel"]
[Result "1/2-1/2"]
[WhiteElo "2189"]
[BlackElo "1903"]
[PlyCount "95"]
[EventDate "2011.02.21"]
[EventType "tourn (corr)"]
[EventRounds "9"]
[EventCountry "GER"]
[SourceTitle "Corr 2015"]
[Source "ChessBase"]
[SourceDate "2015.07.17"]
[SourceVersion "1"]
[SourceVersionDate "2015.07.17"]
[SourceQuality "1"]

1. e4 c5 2. Nf3 d6 3. d4 cxd4 4. Nxd4 Nf6 5. Nc3 a6 6. Be3 e5 7. Nb3 Be6 8. Qd2 Be7 9. f3 0-0 10. 0-0-0 Nbd7 11. g4 b5 12. g5 b4 13. Ne2 Ne8 14. f4 a5 15. f5 Bxb3 16. cxb3 a4 17. bxa4 Rxa4 18. b3 Ra5 19. Kb1 d5 20. f6 Bc5 21. Bxc5 Nxc5 22. Qxd5 Qb6 23. Qxe5 Nd3 24. Qd4 Qxd4 25. Nxd4 Nf2 26. Bc4 Nxh1 27. fxg7 Kxg7 28. Nf5+ Rxf5 29. exf5 Nf2 30. Rd5 Ne4 31. f6+ Kh8 32. Kb2 h6 33. h4 Nc7 34. Rd7 hxg5 35. Rxc7 g4 36. Bxf7 Nxf6 37. Bg6 Rd8 38. Rc5 Rd2+ 39. Kc1 Rxa2 40. Rg5 Rg2 41. Bf5 g3 42. Bd3 Nh7 43. Rh5 Rc2+ 44. Kxc2 g2 45. Rxh7+ Kg8 46. Rh5 g1Q 47. Rg5+ Kh8 48. Rxg1 1/2-1/2

[Event "GER-ch43 Juniors email"]
[Site "GER email"]
[Date "2011.02.14"]
[Round "?"]
[White "Eichner, Enrico"]
[Black "Hintze, Emanuel"]
[Result "0-1"]
[WhiteElo "1896"]
[BlackElo "2007"]
[PlyCount "232"]
[EventDate "2011.02.21"]
[EventType "tourn (corr)"]
[EventRounds "9"]
[EventCountry "GER"]
[SourceTitle "Corr 2015"]
[Source "ChessBase"]
[SourceDate "2015.07.17"]
[SourceVersion "1"]
[SourceVersionDate "2015.07.17"]
[SourceQuality "1"]

1. f4 d5 2. Nf3 Nf6 3. e3 g6 4. Be2 c5 5. d4 Bg7 6. 0-0 0-0 7. Ne5 Nc6 8. c3 Qc7 9. Nd2 Bf5 10. g4 Be6 11. f5 Bc8 12. g5 Ne4 13. Nxc6 Qxc6 14. Nxe4 dxe4 15. fxg6 hxg6 16. Qb3 Be6 17. Qb5 Qd5 18. Qxc5 Qxc5 19. dxc5 Rac8 20. h4 Rxc5 21. Bd2 Rd8 22. Rfd1 Ra5 23. Be1 Rxd1 24. Bxd1 Rxa2 25. Rxa2 Bxa2 26. Bg3 b5 27. Bc7 f5 28. Kf2 b4 29. cxb4 Bxb2 30. Bb8 Ba3 31. Bxa7 Bxb4 32. Ba4 Kf8 33. Bb8 Bc3 34. Bb5 Kf7 35. Be2 Bb3 36. Bc7 Bd5 37. Bb5 Be6 38. Be2 Bb3 39. Bb8 Ba2 40. Bc7 Bb3 41. Bb8 Kg7 42. Bc7 Bd5 43. Bb8 Kf7 44. Bc7 Ba2 45. Bb8 Bb3 46. Bc7 Bd5 47. Bb8 Kg7 48. Bc7 Bb3 49. Bb8 Bd5 50. Bc7 Ba2 51. Bb8 Bb3 52. Bc7 Bd5 53. Bb8 Bc6 54. Bc7 Be8 55. Bb8 Bc6 56. Bc7 Be8 57. Bb8 Kf8 58. Bc7 Bd7 59. Bb8 Be8 60. Ba7 Be5 61. Bc5 Bf7 62. Ba6 Bd5 63. Bb5 Kf7 64. Bb4 Bb3 65. Be2 e6 66. Bb5 Bd5 67. Ba6 Bb3 68. Bf1 Bc7 69. Bc5 Bc2 70. Bb5 Bd3 71. Bd7 Bc4 72. Bc6 Be5 73. Ba3 Bd5 74. Bd7 Bc7 75. Bc8 Bc4 76. Bd7 Be5 77. Bb4 Bd3 78. Bc6 Ba6 79. Bd7 Bd3 80. Bc6 Bc2 81. Bb5 Bd1 82. Bc5 Bh5 83. Ba6 Bf3 84. Bb5 Bd1 85. Bb4 Bc7 86. Bd2 Bd6 87. Bc4 Ba4 88. Bc1 Bc6 89. Be2 Bd5 90. Bb5 e5 91. Kg3 Bb4 92. Kf2 Bd6 93. Ba6 f4 94. Be2 Bc5 95. Ba6 Ke6 96. Bc8+ Kd6 97. Ba6 Ke6 98. Bc8+ Ke7 99. Ba6 Kd7 100. Ke2 Bd6 101. Kf2 Ke7 102. Bc8 Bc5 103. Ba6 Kf7 104. Be2 Ba7 105. Bg4 Bc5 106. Be2 Bb3 107. Bf1 Ke6 108. Bh3+ Ke7 109. Bg4 Bc4 110. Bd2 Be6 111. Bd1 Kf7 112. Bc2 Bd5 113. Bd1 Bb6 114. Bc1 Kg7 115. Be2 Bc5 116. Bc4 Bxc4 0-1

[Event "CP-2009-Q-00007"]
[Site "LSS email"]
[Date "2011.02.03"]
[Round "?"]
[White "Hintze, Emanuel"]
[Black "Figlio, Gino Franco"]
[Result "1/2-1/2"]
[WhiteElo "2193"]
[BlackElo "2179"]
[PlyCount "97"]
[EventDate "2011.02.05"]
[EventType "tourn (corr)"]
[EventRounds "6"]
[EventCountry "GER"]
[SourceTitle "Telechess CBM 155"]
[Source "ChessBase"]
[SourceDate "2013.07.16"]
[SourceVersion "1"]
[SourceVersionDate "2013.07.16"]
[SourceQuality "1"]

1. e4 c5 2. Nf3 e6 3. d4 cxd4 4. Nxd4 a6 5. Bd3 Bc5 6. Nb3 Be7 7. Be3 Nf6 8. 0-0 Nc6 9. f4 d6 10. Nc3 0-0 11. Qf3 Qc7 12. Kh1 b5 13. a3 Bb7 14. Qg3 Rac8 15. Rad1 Rfe8 16. Be2 Bf8 17. Bf3 Nd7 18. Qf2 Na5 19. Nxa5 Qxa5 20. Rd2 Qc7 21. Rfd1 Nf6 22. h3 d5 23. e5 Nd7 24. Kg1 Bc5 25. Bxc5 Qxc5 26. Ne2 Nb6 27. b3 Nd7 28. Qxc5 Nxc5 29. Kf2 Kf8 30. h4 Rc7 31. Ke3 Nd7 32. Nd4 Ke7 33. g4 Rec8 34. g5 Rc3+ 35. Rd3 R3c5 36. h5 Nb8 37. g6 hxg6 38. hxg6 f5 39. Rh1 Rg8 40. Kd2 Nc6 41. c3 Nxd4 42. cxd4 Rcc8 43. Rh7 Kd7 44. Rc3 Bc6 45. Rc5 Kc7 46. Ke2 Kb6 47. Kf2 Rc7 48. Bh5 Rgc8 49. Kg3 1/2-1/2

[Event "CP-2009-Q-00007"]
[Site "LSS email"]
[Date "2011.02.03"]
[Round "?"]
[White "Hintze, Emanuel"]
[Black "Kireev, Sergey Ivanovich"]
[Result "1/2-1/2"]
[WhiteElo "2193"]
[BlackElo "2322"]
[PlyCount "54"]
[EventDate "2011.02.05"]
[EventType "tourn (corr)"]
[EventRounds "6"]
[EventCountry "GER"]
[SourceTitle "Telechess CBM 155"]
[Source "ChessBase"]
[SourceDate "2013.07.16"]
[SourceVersion "1"]
[SourceVersionDate "2013.07.16"]
[SourceQuality "1"]

1. d4 d5 2. c4 c6 3. Nf3 Nf6 4. e3 e6 5. Nc3 Nbd7 6. Qc2 Bd6 7. c5 Bc7 8. b4 e5 9. Be2 0-0 10. b5 Ng4 11. g3 e4 12. Nh4 Ndf6 13. h3 Nh6 14. Rb1 Nf5 15. Nxf5 Bxf5 16. Bd2 Bd7 17. Qb3 Qc8 18. bxc6 bxc6 19. Qb7 Rb8 20. Qxc8 Rxb1+ 21. Nxb1 Rxc8 22. Bc3 Rb8 23. Na3 Kf8 24. Kf1 Ke7 25. Kg2 h5 26. Rb1 Rxb1 27. Nxb1 g6 1/2-1/2

[Event "LSS BI-2010-P-00018"]
[Site "LSS email"]
[Date "2010.04.19"]
[Round "?"]
[White "Hintze, Emanuel"]
[Black "Soreghy, Janos"]
[Result "1-0"]
[WhiteElo "2018"]
[BlackElo "1910"]
[PlyCount "81"]
[EventDate "2010.04.22"]
[EventType "tourn (corr)"]
[EventRounds "10"]
[EventCountry "GER"]
[SourceTitle "Telechess CBM 141"]
[Source "ChessBase"]
[SourceDate "2011.03.17"]
[SourceVersion "1"]
[SourceVersionDate "2011.03.17"]
[SourceQuality "1"]

1. d4 Nf6 2. c4 e6 3. Nf3 b6 4. g3 Ba6 5. b3 Bb4+ 6. Bd2 Be7 7. Bg2 c6 8. Bc3 d5 9. Nbd2 Nbd7 10. 0-0 0-0 11. Re1 c5 12. e4 dxe4 13. Nxe4 Nxe4 14. Rxe4 Bb7 15. Re3 Bf6 16. Rc1 cxd4 17. Nxd4 Qc8 18. Bxb7 Qxb7 19. Nb5 Rfd8 20. Bxf6 Nxf6 21. Nd6 Qc6 22. Rd3 Rd7 23. Ne4 Rad8 24. Nxf6+ gxf6 25. Rcc3 Rxd3 26. Rxd3 Rxd3 27. Qxd3 Qc5 28. Qc3 Qf5 29. Qb2 Kg7 30. b4 a5 31. a3 axb4 32. axb4 h5 33. h4 Qe4 34. Qc3 Qb1+ 35. Kg2 Qe4+ 36. Kh2 e5 37. Qc1 Qa8 38. Qe3 Qc6 39. Qd3 Kf8 40. Qd5 Qc7 41. c5 1-0

[Event "LSS WC-2014-P-00001"]
[Site "LSS email"]
[Date "2010.02.18"]
[Round "?"]
[White "Agustin, Santos Etxepare"]
[Black "Hintze, Emanuel"]
[Result "1/2-1/2"]
[WhiteElo "1659"]
[BlackElo "2005"]
[PlyCount "140"]
[EventDate "2010.02.24"]
[EventType "tourn (corr)"]
[EventRounds "6"]
[EventCountry "GER"]
[SourceTitle "Corr 2022"]
[Source "ChessBase"]
[SourceDate "2021.10.24"]
[SourceVersion "1"]
[SourceVersionDate "2021.10.24"]
[SourceQuality "1"]

1. d4 Nf6 2. c4 e6 3. Nc3 Bb4 4. Qc2 0-0 5. a3 Bxc3+ 6. Qxc3 b6 7. Bg5 Bb7 8. e3 d6 9. f3 h6 10. Bh4 Nbd7 11. Nh3 c5 12. dxc5 bxc5 13. Be2 a5 14. 0-0 a4 15. Rad1 Qb6 16. Rd2 d5 17. Rfd1 Ba6 18. Nf2 Rfc8 19. Qc1 Re8 20. Bf1 Bb7 21. Qc3 Ba6 22. Rc1 Rec8 23. Qc2 Bb7 24. Rb1 Re8 25. Rbd1 Ba6 26. Bd3 Bb7 27. Be2 Qa5 28. Rc1 Rec8 29. Qc3 Qb6 30. Qd3 Re8 31. Qc2 Rec8 32. Rcd1 Ba6 33. Bd3 Bb7 34. Bf1 Re8 35. Rb1 Qa7 36. Qc3 Bc6 37. Re1 Rab8 38. Nd3 d4 39. Qc1 e5 40. exd4 exd4 41. Rde2 Qb6 42. Qd2 Rbc8 43. Rxe8+ Nxe8 44. Bg3 Nef6 45. Qc2 Nf8 46. Bh4 N6d7 47. Qd2 Ng6 48. Bg3 Nf6 49. Ne5 Nxe5 50. Bxe5 Bd7 51. Bd3 Re8 52. Kf2 Nh7 53. Re2 Nf8 54. Bg3 Ng6 55. Rxe8+ Bxe8 56. Qe2 Kf8 57. Qc2 h5 58. Bxg6 fxg6 59. Qe4 Qxb2+ 60. Kf1 Qc1+ 61. Kf2 Qd2+ 62. Kf1 Bf7 63. Qa8+ Ke7 64. Qa7+ Kf6 65. Be5+ Kxe5 66. Qxf7 Qd3+ 67. Kf2 Qe3+ 68. Kf1 Qc1+ 69. Kf2 Qc2+ 70. Kf1 Qb1+ 1/2-1/2

[Event "LSS SB-2010-0-00083"]
[Site "LSS email"]
[Date "2010.02.15"]
[Round "?"]
[White "Hintze, Emanuel"]
[Black "Dehaybe, Andre"]
[Result "1-0"]
[WhiteElo "1972"]
[BlackElo "1839"]
[PlyCount "103"]
[EventDate "2010.01.19"]
[EventType "tourn (corr)"]
[EventRounds "6"]
[EventCountry "GER"]
[SourceTitle "Corr 2013"]
[Source "ChessBase"]
[SourceDate "2012.11.12"]
[SourceVersion "1"]
[SourceVersionDate "2012.11.12"]
[SourceQuality "1"]

1. e4 e6 2. d4 d5 3. Nc3 Nf6 4. Bg5 Be7 5. e5 Nfd7 6. Bxe7 Qxe7 7. f4 0-0 8. Nf3 c5 9. Qd2 Nc6 10. dxc5 Rd8 11. Be2 Nxc5 12. 0-0 b6 13. Rfd1 h6 14. Qe3 Ba6 15. Bxa6 Nxa6 16. Nb5 Qb4 17. Nfd4 Nxd4 18. Nxd4 Rac8 19. Rab1 Qc5 20. a3 Nb8 21. b4 Qc7 22. Rbc1 a6 23. f5 Re8 24. c4 dxc4 25. f6 Nd7 26. Nf3 Nf8 27. Rd4 Ng6 28. h4 h5 29. Kf2 Red8 30. Rcxc4 Qb7 31. Rxd8+ Rxd8 32. g4 Qd5 33. Rd4 Qa2+ 34. Kg3 Rxd4 35. Qxd4 hxg4 36. Qxg4 gxf6 37. exf6 Qxa3 38. h5 Qc3 39. hxg6 Qxf6 40. gxf7+ Kxf7 41. Qc4 Qg7+ 42. Kf2 a5 43. b5 Qb2+ 44. Ke3 Qa3+ 45. Ke4 a4 46. Qc7+ Kg6 47. Qxb6 Qb4+ 48. Nd4 Qe1+ 49. Kd3 a3 50. Nc2 Qb1 51. Qxe6+ Kg7 52. b6 1-0